Managing quality : (Record no. 3424)

MARC details
000 -LEADER
fixed length control field 00676nam a2200217 ar4500
001 - CONTROL NUMBER
control field 3426
005 - DATE AND TIME OF LATEST TRANSACTION
control field 20221127090739.0
008 - FIXED-LENGTH DATA ELEMENTS--GENERAL INFORMATION
fixed length control field 130721s xxua 00110 eng d
020 ## - INTERNATIONAL STANDARD BOOK NUMBER
International Standard Book Number 9780273768258(pbk) :
Terms of availability SR222.00
082 04 - DEWEY DECIMAL CLASSIFICATION NUMBER
Classification number 658.4013
Item number F817 2013
100 1# - MAIN ENTRY--PERSONAL NAME
Personal name Foster, S. Thomas.
245 10 - TITLE STATEMENT
Title Managing quality :
Remainder of title integrating the supply chain /
Statement of responsibility, etc. S. Thomas Foster, Kunal Ganguly.
250 ## - EDITION STATEMENT
Edition statement 5th ed.
260 ## - PUBLICATION, DISTRIBUTION, ETC.
Place of publication, distribution, etc. Boston, Mass. :
Name of publisher, distributor, etc. Pearson,
Date of publication, distribution, etc. 2013.
300 ## - PHYSICAL DESCRIPTION
Extent 477 p. :
Other physical details ill. ;
Dimensions 26 cm.
500 ## - GENERAL NOTE
General note Includes index.
650 #4 - SUBJECT ADDED ENTRY--TOPICAL TERM
Topical term or geographic name entry element Quality control.
650 #4 - SUBJECT ADDED ENTRY--TOPICAL TERM
Topical term or geographic name entry element Total quality management.
650 #4 - SUBJECT ADDED ENTRY--TOPICAL TERM
Topical term or geographic name entry element Materials management.
700 0# - ADDED ENTRY--PERSONAL NAME
Personal name Ganguly, Kunal K.,
Relator term jt. auth.
Holdings
Withdrawn status Lost status Source of classification or shelving scheme Damaged status Not for loan Home library Current library Date acquired Total Checkouts Full call number Barcode Date last seen Copy number Price effective from Koha item type Date last checked out
              11/27/2022   658.4013 F817 2013 1000000010322 11/27/2022 C3 11/27/2022 Book  
          CENTRAL CENTRAL 11/27/2022   658.4013 F817 2013 1000000008193 11/27/2022 C1 11/27/2022 Book  
          CENTRAL CENTRAL 11/27/2022 1 658.4013 F817 2013 1000000008194 09/02/2025 C2 11/27/2022 Book 08/30/2023